000 03698nim a2200553 i 4500
001 197216
003 ES-MaACL
005 20250828062601.0
007 ss lsnjlcipnne
008 250424s1990 sp nnnn |||| 00| spa d
040 _bspa
_cES-MaACL
245 _aCosta Rica en España: cultura, democracia y paz
_h[Grabación sonora] :
_bciclo de mesas redondas.
260 _aMadrid :
_bAteneo de Madrid,
_c1990.
300 _a5 casetes (ca. 450 min) :
_bson. ;
_c11 cm
490 1 _3Actos culturales en el Ateneo de Madrid
518 _aGrabado los días 13, 15 y 16 de marzo de 1990 en el Salón de Actos del Ateneo de Madrid.
520 _aCinta 1. Día 13. Bases de una cultura de tradición democrática / intervienen: Jorge Sáenz Carbonell, abogado, asesor del ministro de relaciones exteriores y culto de Costa Rica; Silvia Charpantier, economista, asesora del presidente de la República de Costa Rica; Ana Cecilia Esclante, socióloga, decana de la facultad de ciencias sociales de la Universidad de Costa Rica. / modera: Don Miguel Ángel Ochoa Brun, embajador, director de la escuela diplomática de Madrid. – Cinta 2. Día 15. Apectos socio-políticos en la novela centroamericana / intervienen: Francisco Morales Padrón, director de la Real Academia Sevillana de Buenas Letras; María Elena Caballero Castegnaro, filóloga y especialista en literatura, profesora de la Universidad de Costa Rica. / modera, José Prat García. – Cintas 3,4 y 5. Día 16. Perspectivas de paz en Centroamérica / intervienen: Guadalupe Ruíz-Giménez, secretaria general de la asociación de investigaciones sobre temas iberoamericanos; Luis Guillermo Solís, abogado abogado, jefe del gabinete del Ministerio de Relaciones Exteriores y Culto de Costa Rica; Celestino del Arenal, director del departamento de derecho internacional público y relaciones internacionales de la facultad de ciencias políticas de la Universidad Complutense de Madrid; Francisco Rojas, politólogo, profesor de la Universidad Nacional, Costa Rica y de la Florida International University / modera: Carmelo Angulo, director de la agencia española de la cooperación internacional.
540 _aDocumento inédito
594 _5Datos basados en la invitación.
610 2 0 _aAteneo de Madrid-
_xActos culturales-
_y1990-
_vGrabaciones sonoras
_9240083
650 7 _aDemocracia
_2embne
_911574
651 7 _9172654
_aRepública Federal de Centroamérica
653 _aArchivo de la palabra
655 0 _aConferencias
_9234444
700 1 _aOchoa Brun, Miguel Ángel
_emod
_9157089
700 1 _9240273
_aSaénz Carbonell, Jorge Francisco
_eora
700 _9240275
_aCharpantier, Silvia
_eora
700 _9240276
_aEsclante, Ana Cecilia
_eora
700 1 _993665
_aPrat, José,
_d1905-1994
_emod
700 1 _aMorales Padrón, Francisco,
_d1924-2010
_eora
_983066
700 _9240277
_aCarballo Castegnaro, María Elena
_eora
700 1 _aAngulo Barturen, Carmelo,
_d1947-2022
_emod
_9240278
700 1 _9100818
_aRuiz-Giménez, Guadalupe
_eora
700 1 _9240279
_aSolís, Luis G.
_eora
700 0 _922590
_aArenal, Celestino del
_eora
700 0 _999045
_aRojas, Francisco G. de
_eora
710 2 _92012
_aAteneo de Madrid.
_bSección Iberoamericana
_ehis
710 2 _aEmbajada de Costa Rica
_eclb
_9240280
710 2 _94848
_aInstituto de Cooperación Iberoamericana
_eclb
830 0 _aActos culturales en el Ateneo de Madrid
_9240237
852 _aES-MaACL
_cDEPOZ
852 _aES-MaACL
_cDEPOZ
852 _aES-MaACL
_cDEPOZ
852 _aES-MaACL
_cDEPOZ
852 _aES-MaACL
_cDEPOZ
942 _2udc
_n0
_cCINTASAUD
999 _c197216
_d197216